Housing (Record no. 106930)
[ view plain ]
| 000 -LEADER | |
|---|---|
| fixed length control field | 01587cam a22002895a 4500 |
| 001 - CONTROL NUMBER | |
| control field | L137909 |
| 008 - FIXED-LENGTH DATA ELEMENTS--GENERAL INFORMATION | |
| fixed length control field | 070508s2007 xxkdk f l 001 0 eng d |
| 020 ## - INTERNATIONAL STANDARD BOOK NUMBER | |
| International Standard Book Number | 9781405712392 |
| 035 ## - SYSTEM CONTROL NUMBER | |
| System control number | (Sirsi) u137909 |
| 041 0# - LANGUAGE CODE | |
| Language code of text/sound track or separate title | eng |
| 050 04 - LIBRARY OF CONGRESS CALL NUMBER | |
| Classification number | 306.026 $2 18 |
| 100 1# - MAIN ENTRY--PERSONAL NAME | |
| Personal name | Driscoll, James |
| 245 00 - TITLE STATEMENT | |
| Title | Housing |
| Remainder of title | the new law |
| -- | a guide to the Housing Act 2004 |
| 260 ## - PUBLICATION, DISTRIBUTION, ETC. | |
| Place of publication, distribution, etc. | London |
| Name of publisher, distributor, etc. | LexisNexis Butterworths |
| Date of publication, distribution, etc. | 2007 |
| 300 ## - PHYSICAL DESCRIPTION | |
| Extent | xxxii, 874p. |
| Dimensions | 25cm. |
| 350 ## - PRICE (NR) (BK AM CF MU VM SE) [OBSOLETE] | |
| Price | 80 |
| 505 1# - FORMATTED CONTENTS NOTE | |
| Formatted contents note | Introduction and overview -- Enforcement of housing standards -- Houses in multiple occupation -- The selective licensing of residential accommodation -- Management orders and private rented accommodation -- Home information packs -- The social rented sector -- The private rented sector -- Role and function of the residential property tribunal |
| 520 ## - SUMMARY, ETC. | |
| Summary, etc. | Provides a detailed guide to each section of the act. Covers licensing, enforcement and procedural issues. Major issues covered include housing standards, HMOs, HIPs and EDMOs. Addresses the private and social rented sectors. Also describes the role and function of the residential property tribunal. Refers to case law and previous legislation extensively to put the Act in context. Includes a full copy of the Act and subsequent Orders. |
| 650 24 - SUBJECT ADDED ENTRY--TOPICAL TERM | |
| Topical term or geographic name entry element | HOUSING ACT 2004 |
| 650 24 - SUBJECT ADDED ENTRY--TOPICAL TERM | |
| Topical term or geographic name entry element | HOME INFORMATION PACKS |
| 650 24 - SUBJECT ADDED ENTRY--TOPICAL TERM | |
| Topical term or geographic name entry element | HOUSING (TENANCY DEPOSIT SCHEMES) ORDER 2007 |
| 650 24 - SUBJECT ADDED ENTRY--TOPICAL TERM | |
| Topical term or geographic name entry element | HOUSING ACT 1985 |
| 650 24 - SUBJECT ADDED ENTRY--TOPICAL TERM | |
| Topical term or geographic name entry element | EMPTY DWELLING MANAGEMENT ORDERS |
| 651 #4 - SUBJECT ADDED ENTRY--GEOGRAPHIC NAME | |
| Geographic name | England and Wales |
| Chronological subdivision | 1543- |
| 690 ## - LOCAL SUBJECT ADDED ENTRY--TOPICAL TERM (OCLC, RLIN) | |
| Topical term or geographic name as entry element | Residential property |
| 9 (RLIN) | 6266 |
| 942 ## - ADDED ENTRY ELEMENTS (KOHA) | |
| Suppress in OPAC | 0 |
| Withdrawn status | Lost status | Source of classification or shelving scheme | Damaged status | Not for loan | Home library | Current library | Shelving location | Date acquired | Total Checkouts | Full call number | Barcode | Date last seen | Date last checked out | Copy number | Price effective from | Koha item type |
|---|---|---|---|---|---|---|---|---|---|---|---|---|---|---|---|---|
| Dewey Decimal Classification | London | London | Books | 08/05/2007 | 7 | 306.026 DRI | 30073864 | 06/08/2019 | 26/03/2009 | 1 | 06/08/2019 | Book |